000 00816nam a2200205Ia 4500
008 0000001991 sp a 0000000000spa00
090 _aPSP00 S15g
100 1 _aSánchez Hevia, Gines
_d1947
245 1 0 _aGines Sánchez Hevia
_b: circa 1991
_c/ fotografías Melli Pérez Madero
300 _a[24] p.
_c/ 33 cm.
500 _aExposición realizada en Galería Nieves Fernández, Madrid, Septiembre, 1991\ Con el patronazgo del maestro venezolano Jesús Rafael Soto (q.e.p.d.)
600 0 0 _aSANCHEZ HEVIA, GINES, 1947/
_xTRABAJOS PICTORICOS
650 1 4 _aARTE CONTEMPORANEO ESPAÑOL
650 1 4 _xCATALOGOS
650 1 4 _xEXPOSICIONES
650 1 4 _aPINTORES ESPAÑOLES
650 1 4 _aPINTURA ESPAÑOLA
700 1 _aPérez Madero, Melli
999 _c1817
_d1817
260 _aMadrid : Galería Nieves Fernández
_c1991